Auers, Daunis. Comparative politics and government of the Baltic States. - Basingstoke : Palgrave Macmillan. - 2015 [Rezension]
| Titel: | Auers, Daunis. Comparative politics and government of the Baltic States. - Basingstoke : Palgrave Macmillan. - 2015 [Rezension] |
|---|---|
| Verfasser: | |
| In: |
Journal of Baltic studies, Band 46, Heft 4 (2015), Seite 545-547 alle Artikel anzeigen |
| Veröffentlicht: | 2015 |
| Format: | Aufsatz |
| Sprache: | Englisch |
X
alg: 39514101 001A $01999:12-11-16 001B $01999:09-08-21 $t17:40:48.000 001D $01999:12-11-16 001U $0utf8 001X $00 002@ $0Aox 003@ $039514101X 007A $039514101X $aHEB 007T $0Herdc0107898m 010@ $aeng 011@ $a2015 021A $aAuers, Daunis. Comparative politics and government of the Baltic States. - Basingstoke : Palgrave Macmillan. - 2015 [Rezension] 028A $aNakai $dRyo 031A $d46 $e4 $h545-547 $j2015 039B $aIn $8--Abvc--. Journal of Baltic studies. - Abingdon : Routledge, 1972-. - ISSN 0162-9778 $x201500000460004455 $9047244860 039T $8--Aau--Auers, Daunis [Tnd]. Comparative politics and government of the Baltic states. - Basingstoke, Hampshire : Palgrave Macmillan, 2015. - xi, 269 Seiten. - Diagramme. - ISBN 978-1-1373-6996-3 $9387962808 045F $a900.9479 $eDDC23BSB 045F/01 $a900 045F/03 $g479 045F/03 $g4798 045F/03 $g4793 045T $a7,41 $a7,44 lok: 39514101 78 exp: 39514101 78 1 #EPN 201B/01 $018-11-16 $t13:52:02.000 201U/01 $0utf8 203@/01 $0791439720 208@/01 $a12-11-16 $be 209A/01 $a/ $f000 $x00 220C/01 $aTitelaufnehmer: kk 220C/01 $aHerkunft: HI Marburg 244Z/01 $2Trx $#Baltijos šalys $#kraje bałtyckie $#Baltikum $8--Trx--Baltische Länder $x01 $9391352903 244Z/01 $2Trx $#Estija $#Igaunija $#Estland $#Estonia $#Estonia $#Estónsko $#Estonsko $8--Trx--Eesti $x02 $9391237225 244Z/01 $2Trx $#Litauen $#Lithuania $#Litwa $#Litva $#Litva $8--Trx--Lietuva $x03 $9391193457 244Z/01 $2Trx $#Latvija $#Lettland $#Łotwa $#Lotyšsko $8--Trx--Latvija $x04 $9391275879 244Z/01 $2Trx $#arvustused $#recenzijos $#Reviews $#recenziók $#recenzje $#recenzie $#recenze $8--Trx--Rezensionen $x05 $9391357441 247C/01 $82080>Marburg/Lahn, Herder-Institut, Forschungsbibliothek, Bibliographieportal $9336309341
| LEADER | 00000caa a22000002c 4500 | ||
|---|---|---|---|
| 001 | 39514101X | ||
| 003 | DE-603 | ||
| 005 | 20210809174048.0 | ||
| 007 | tu | ||
| 008 | 161112s2015 xx |||| | u00||u|eng c | ||
| 035 | |a (DE-599)HEB39514101X | ||
| 040 | |a DE-603 |b ger |c DE-603 |d DE-603 | ||
| 041 | |a eng | ||
| 082 | 0 | 4 | |8 1\u |a 900.9479 |q DE-101 |2 23/BSB |
| 084 | |a 7,41 |a 7,44 |2 ssgn | ||
| 085 | |8 1\u |b 900 | ||
| 085 | |8 1\u |z 2 |s 479 | ||
| 085 | |8 1\u |z 2 |s 4798 | ||
| 085 | |8 1\u |z 2 |s 4793 | ||
| 100 | 1 | |a Nakai, Ryo | |
| 245 | 0 | 0 | |a Auers, Daunis. Comparative politics and government of the Baltic States. - Basingstoke : Palgrave Macmillan. - 2015 [Rezension] |
| 264 | 0 | |c 2015 | |
| 773 | 0 | 8 | |i In |t Journal of Baltic studies |d Abingdon : Routledge, 1972- |x 0162-9778 |g Band 46, Heft 4 (2015), Seite 545-547 |w (DE-603)047244860 |w (DE-600)197751-9 |
| 787 | 0 | 8 | |i Rezension von |a Auers, Daunis |t Comparative politics and government of the Baltic states |d Basingstoke, Hampshire : Palgrave Macmillan, 2015 |h xi, 269 Seiten, Diagramme |z 9781137369963 |z 1349475157 |z 9781349475155 |w (DE-603)387962808 |
| 924 | 0 | |9 2080 |a (DE-603)791439720 |b DE-2080 |c HES |d d |g / | |


